000 00406nam a2200157Ia 4500
003 IT-RoPAU
008 120407s9999 xx 000 0 und d
040 _aIT-RoPAU
040 _cIT-RoPAU
100 _aAngelo Montonati
245 _aE la donna disse Dio vuole così. Gaetana Sterni fondatrice Figlie Divina Provvidenza
260 _aSan Paolo Edizioni
300 _c cm
490 _v1
942 _cBK
999 _c10705
_d10705